[Event "Arco op 46th"]
[Site "Arco"]
[Date "2024.10.06"]
[Round "2"]
[White "Bottarelli, Paolo"]
[Black "Pipitone, Antonio"]
[Result "1-0"]
[WhiteElo "1830"]
[BlackElo "1649"]
[PlyCount "65"]
[EventDate "2024.10.05"]
[EventType "swiss"]
[EventRounds "9"]
[EventCountry "ITA"]
[SourceTitle "CB44_2024"]
[Source "Chessbase"]
[SourceDate "2024.10.30"]
[SourceVersion "1"]
[SourceVersionDate "2024.10.30"]
[SourceQuality "1"]

1. e4 c5 2. Nf3 d6 3. d4 cxd4 4. Nxd4 Nf6 5. Nc3 e5 6. Nb3 Be7 7. Be2 0-0 8. Be3 Be6 9. g4 a6 10. g5 Nfd7 11. h4 f5 12. exf5 Bxf5 13. Qd5+ Kh8 14. 0-0-0 Nc6 15. a3 Rc8 16. Qg2 Be6 17. Nd5 Bf5 18. h5 Bxc2 19. Kxc2 Nd4+ 20. Kb1 Nxb3 21. h6 g6 22. Bg4 Rc4 23. Be6 Nd4 24. f4 Nxe6 25. Nxe7 Qxe7 26. Qd5 Rc6 27. Rhe1 Nb6 28. Bxb6 Rxb6 29. fxe5 Rf5 30. exd6 Rxd5 31. dxe7 Rxd1+ 32. Rxd1 Nc7 33. Rd8+ 1-0

[Event "Arco op 44th"]
[Site "Arco"]
[Date "2022.10.16"]
[Round "9"]
[White "Heinisch, Wolfgang"]
[Black "Pipitone, Antonio"]
[Result "1/2-1/2"]
[WhiteElo "1792"]
[BlackElo "1671"]
[PlyCount "25"]
[EventDate "2022.10.08"]
[EventType "swiss"]
[EventRounds "9"]
[EventCountry "ITA"]
[SourceTitle "CBM 210 Extra"]
[Source "ChessBase"]
[SourceDate "2022.11.30"]
[SourceVersion "1"]
[SourceVersionDate "2022.11.30"]
[SourceQuality "1"]

1. e4 c5 2. Nc3 e6 3. f4 d6 4. Nf3 Bd7 5. d3 Be7 6. g3 Nc6 7. Bg2 Nf6 8. 0-0 a6 9. e5 dxe5 10. Nxe5 Qc7 11. Nxd7 Qxd7 12. Be3 Nd4 13. a4 1/2-1/2

[Event "Arco op 44th"]
[Site "Arco"]
[Date "2022.10.14"]
[Round "7"]
[White "Wunderlich, Frank"]
[Black "Pipitone, Antonio"]
[Result "0-1"]
[WhiteElo "1769"]
[BlackElo "1671"]
[PlyCount "64"]
[EventDate "2022.10.08"]
[EventType "swiss"]
[EventRounds "9"]
[EventCountry "ITA"]
[SourceTitle "CBM 210 Extra"]
[Source "ChessBase"]
[SourceDate "2022.11.30"]
[SourceVersion "1"]
[SourceVersionDate "2022.11.30"]
[SourceQuality "1"]

1. e4 c5 2. Nf3 d6 3. d4 cxd4 4. Nxd4 Nf6 5. Nc3 e5 6. Nb3 Be6 7. Be2 Nc6 8. 0-0 a6 9. Be3 d5 10. exd5 Nxd5 11. Nxd5 Bxd5 12. c3 Be7 13. Qc2 Qc7 14. Rac1 0-0 15. Bd3 g6 16. Qe2 e4 17. Bc4 Rad8 18. Rfd1 Qe5 19. Bxd5 Rxd5 20. Rxd5 Qxd5 21. Rd1 Qe6 22. Bc5 f5 23. Bxe7 Qxe7 24. Qc4+ Kg7 25. Kf1 Ne5 26. Qd4 Kh6 27. Qd6 Qg7 28. Nc5 Re8 29. Ne6 Qf6 30. Nc5 Qh4 31. h3 Nc4 32. Qg3 Qxg3 0-1

[Event "ITA-ch sf 81st"]
[Site "Acqui Terme"]
[Date "2022.06.16"]
[Round "6"]
[White "Favini, Matteo"]
[Black "Pipitone, Antonio"]
[Result "1-0"]
[WhiteElo "1692"]
[BlackElo "1717"]
[PlyCount "99"]
[EventDate "2022.06.12"]
[EventType "swiss"]
[EventRounds "9"]
[EventCountry "ITA"]
[SourceTitle "CBM 208 Extra"]
[Source "ChessBase"]
[SourceDate "2022.07.31"]
[SourceVersion "1"]
[SourceVersionDate "2022.07.31"]
[SourceQuality "1"]

1. e4 c5 2. Nf3 d6 3. d4 cxd4 4. Qxd4 Nc6 5. Bb5 e5 6. Qd3 Bd7 7. Nc3 a6 8. Bg5 Qc7 9. Nd5 Qa5+ 10. b4 Nxb4 11. Bxd7+ Kxd7 12. Qd2 Nxc2+ 13. Kd1 Qxd2+ 14. Kxd2 Nxa1 15. Nb6+ Ke8 16. Nxa8 f6 17. Be3 Ne7 18. Rxa1 Kd7 19. Nb6+ Ke6 20. Rc1 Nc6 21. Nd5 g5 22. Rb1 b5 23. Bxg5 fxg5 24. Nxg5+ Kd7 25. Nxh7 Bh6+ 26. Kd3 Bg7 27. Nhf6+ Bxf6 28. Nxf6+ Ke6 29. Ng4 d5 30. exd5+ Kxd5 31. Rd1 Ke6 32. Ke4 Rh4 33. f3 a5 34. Rd5 b4 35. g3 Rh5 36. f4 a4 37. Rb5 a3 38. fxe5 Rg5 39. h3 Rh5 40. h4 Rf5 41. Rb6 Rf1 42. Rxc6+ Kd7 43. Rc2 Rb1 44. Kd3 b3 45. axb3 Rxb3+ 46. Kd2 Rxg3 47. Nf2 Ke6 48. h5 Kxe5 49. h6 Kf6 50. Ne4+ 1-0

[Event "Arco op 43rd"]
[Site "Arco"]
[Date "2021.10.15"]
[Round "7"]
[White "Mattenberger, Dominik"]
[Black "Pipitone, Antonio"]
[Result "1-0"]
[WhiteElo "1566"]
[BlackElo "1799"]
[PlyCount "57"]
[EventDate "2021.10.09"]
[EventType "swiss"]
[EventRounds "9"]
[EventCountry "ITA"]
[SourceTitle "CBM 204 Extra"]
[Source "ChessBase"]
[SourceDate "2021.11.30"]
[SourceVersion "1"]
[SourceVersionDate "2021.11.30"]
[SourceQuality "1"]

1. d4 Nf6 2. c4 c5 3. d5 e6 4. Nc3 a6 5. a4 d6 6. e4 Be7 7. Be2 0-0 8. Be3 e5 9. f3 Nh5 10. Qd2 g6 11. 0-0-0 Ng7 12. Bd3 Nd7 13. Nge2 b5 14. Rdg1 f5 15. b3 f4 16. Bf2 Nf6 17. Kc2 Qb6 18. g3 fxg3 19. Nxg3 Qd8 20. h4 Bd7 21. h5 g5 22. h6 Nge8 23. Qxg5+ Kh8 24. Nf5 Bxf5 25. exf5 Nxd5 26. Qg7+ Nxg7 27. hxg7+ Kg8 28. Nxd5 Rf7 29. f6 1-0

[Event "Arco op 43rd"]
[Site "Arco"]
[Date "2021.10.11"]
[Round "3"]
[White "Pipitone, Antonio"]
[Black "Birkholz, Olga"]
[Result "0-1"]
[WhiteElo "1799"]
[BlackElo "2012"]
[PlyCount "55"]
[EventDate "2021.10.09"]
[EventType "swiss"]
[EventRounds "9"]
[EventCountry "ITA"]
[SourceTitle "CBM 204 Extra"]
[Source "ChessBase"]
[SourceDate "2021.11.30"]
[SourceVersion "1"]
[SourceVersionDate "2021.11.30"]
[SourceQuality "1"]

1. e4 c5 2. Nf3 a6 3. d4 cxd4 4. Nxd4 Nf6 5. Nc3 d6 6. a4 e5 7. Nb3 Be6 8. Bg5 Be7 9. Be2 h6 10. Bxf6 Bxf6 11. 0-0 Nc6 12. Nd5 Bg5 13. c3 0-0 14. Bd3 Ne7 15. c4 Bxd5 16. cxd5 f5 17. exf5 Nxf5 18. g3 Qe7 19. Qe2 Qf7 20. Be4 g6 21. h4 Bd8 22. Nd2 Kg7 23. Kg2 Bb6 24. Nc4 Bc5 25. Rac1 Rae8 26. a5 Qf6 27. Ne3 Nd4 28. b3 0-1

[Event "Arco op 41st"]
[Site "Arco"]
[Date "2019.10.08"]
[Round "5"]
[White "Pipitone, Antonio"]
[Black "Meyer, Thorsten1"]
[Result "0-1"]
[WhiteElo "1747"]
[BlackElo "1921"]
[PlyCount "75"]
[EventDate "2019.10.04"]
[EventType "swiss"]
[EventRounds "9"]
[EventCountry "ITA"]
[SourceTitle "EXT 2020"]
[Source "ChessBase"]
[SourceDate "2019.10.17"]
[SourceVersion "1"]
[SourceVersionDate "2019.10.17"]
[SourceQuality "1"]

1. e4 d6 2. d4 Nf6 3. Nc3 g6 4. Be2 Bg7 5. Be3 c6 6. Nf3 0-0 7. h3 Qc7 8. 0-0 Nbd7 9. Qd2 b5 10. a3 a6 11. Bh6 c5 12. Bxg7 Kxg7 13. Bd3 Bb7 14. Rfe1 e5 15. d5 c4 16. Bf1 Nc5 17. Qe3 Ng8 18. g4 Bc8 19. Bg2 f5 20. exf5 gxf5 21. g5 Rb8 22. Qe2 Ne7 23. Rad1 Ng6 24. h4 e4 25. Nd4 Nxh4 26. Qh5 Ng6 27. Re3 Kg8 28. Rde1 Qf7 29. f3 exf3 30. Bxf3 Ne5 31. Kg2 Qxh5 32. Bxh5 Rb7 33. Nf3 Rg7 34. Rg1 h6 35. Nxe5 Rxg5+ 36. Kf3 dxe5 37. Ree1 Nd7 38. Ke3 0-1

[Event "Arco op 41st"]
[Site "Arco"]
[Date "2019.10.07"]
[Round "4"]
[White "Fehr, Axel"]
[Black "Pipitone, Antonio"]
[Result "1-0"]
[WhiteElo "2045"]
[BlackElo "1747"]
[PlyCount "57"]
[EventDate "2019.10.04"]
[EventType "swiss"]
[EventRounds "9"]
[EventCountry "ITA"]
[SourceTitle "EXT 2020"]
[Source "ChessBase"]
[SourceDate "2019.10.17"]
[SourceVersion "1"]
[SourceVersionDate "2019.10.17"]
[SourceQuality "1"]

1. e4 c5 2. Nf3 Nc6 3. d4 cxd4 4. Nxd4 Nf6 5. Nc3 d6 6. Bg5 a6 7. Qd2 e6 8. 0-0-0 h6 9. Be3 e5 10. Nb3 Be6 11. f3 b5 12. Kb1 Nb4 13. a3 Nc6 14. Nd5 Bxd5 15. exd5 Ne7 16. c4 bxc4 17. Bxc4 Qc8 18. Rc1 Qb7 19. Na5 Qd7 20. Bb3 Nf5 21. Bf2 g6 22. Rc4 Qe7 23. Ba4+ Nd7 24. Rc7 Rd8 25. Nc6 Qf6 26. Nxd8 Be7 27. Bxd7+ Kxd8 28. Qa5 Bf8 29. Rc8+ 1-0

[Event "Arco op 40th"]
[Site "Arco"]
[Date "2018.10.18"]
[Round "6"]
[White "Pipitone, Antonio"]
[Black "Margoni, Casimiro"]
[Result "1-0"]
[WhiteElo "1749"]
[BlackElo "1611"]
[PlyCount "51"]
[EventDate "2018.10.13"]
[EventType "swiss"]
[EventRounds "9"]
[EventCountry "ITA"]
[SourceTitle "CBM 186 Extra"]
[Source "ChessBase"]
[SourceDate "2018.08.24"]
[SourceVersion "1"]
[SourceVersionDate "2018.08.24"]
[SourceQuality "1"]

1. e4 e5 2. Nf3 Nc6 3. Bb5 Nf6 4. 0-0 d6 5. d4 Bd7 6. Re1 Nxd4 7. Nxd4 exd4 8. Bxd7+ Nxd7 9. Qxd4 Qf6 10. Qe3 g6 11. Nc3 c6 12. f4 Bg7 13. Ne2 0-0 14. c3 Rfe8 15. Qf3 a6 16. Bd2 Nc5 17. Ng3 Re6 18. Rad1 Qe7 19. f5 gxf5 20. exf5 Rxe1+ 21. Rxe1 Be5 22. Nh5 Qh4 23. g3 Qd8 24. Qg4+ Kh8 25. Rxe5 dxe5 26. Qg7# 1-0

[Event "Arco op-A 39th"]
[Site "Arco"]
[Date "2017.10.13"]
[Round "7"]
[White "Pipitone, Antonio"]
[Black "Modena, Giorgio"]
[Result "0-1"]
[WhiteElo "1803"]
[BlackElo "1943"]
[PlyCount "120"]
[EventDate "2017.10.07"]
[EventType "swiss"]
[EventRounds "9"]
[EventCountry "ITA"]
[SourceTitle "CBM 181 Extra"]
[Source "ChessBase"]
[SourceDate "2017.12.12"]
[SourceVersion "1"]
[SourceVersionDate "2017.12.12"]
[SourceQuality "1"]

1. e4 e6 2. d4 d5 3. Nc3 Nf6 4. e5 Nfd7 5. f4 c5 6. Nf3 cxd4 7. Nxd4 Nc6 8. Be3 Bc5 9. Nce2 Qb6 10. b3 Nxd4 11. Bxd4 Bxd4 12. Nxd4 a6 13. c3 0-0 14. Bd3 f5 15. b4 Rf7 16. 0-0 Nf8 17. Qh5 Bd7 18. a4 Rc8 19. a5 Qa7 20. Rfd1 Rxc3 21. Be2 Ng6 22. Qg5 Ne7 23. Kh1 Qb8 24. Bh5 g6 25. Bf3 Nc6 26. h4 Qd8 27. Qg3 Nxd4 28. Rxd4 Rg7 29. Rad1 Be8 30. Qe1 Rgc7 31. Qg3 Qe7 32. h5 Qg7 33. hxg6 Qh6+ 34. Kg1 hxg6 35. Qh2 Qxh2+ 36. Kxh2 Ba4 37. R1d2 Kg7 38. Kg1 R7c4 39. Kf2 Rxd4 40. Rxd4 Bb5 41. g4 Bc4 42. gxf5 gxf5 43. Bd1 Kf8 44. Ba4 Bb5 45. Bxb5 axb5 46. Ke2 Rb3 47. Kd2 Kg7 48. Kc2 Rf3 49. Kd2 Kg6 50. Ke2 Rb3 51. Kd2 Kh5 52. Ke2 Kg4 53. Kd2 Rf3 54. Kc2 Rxf4 55. Kc3 Rxd4 56. Kxd4 f4 57. Kc5 f3 58. Kxb5 f2 59. Kb6 f1Q 60. b5 Qf7 0-1

[Event "Arco op-A 39th"]
[Site "Arco"]
[Date "2017.10.07"]
[Round "1"]
[White "Pipitone, Antonio"]
[Black "Passerotti, Pierluigi"]
[Result "0-1"]
[WhiteElo "1803"]
[BlackElo "2210"]
[PlyCount "117"]
[EventDate "2017.10.07"]
[EventType "swiss"]
[EventRounds "9"]
[EventCountry "ITA"]
[SourceTitle "CBM 181 Extra"]
[Source "ChessBase"]
[SourceDate "2017.12.12"]
[SourceVersion "1"]
[SourceVersionDate "2017.12.12"]
[SourceQuality "1"]

1. e4 c5 2. Nf3 e6 3. d4 cxd4 4. Nxd4 a6 5. Be3 Nf6 6. Nc3 Bb4 7. Bd3 Qc7 8. Nde2 d6 9. a3 Bc5 10. Bxc5 Qxc5 11. 0-0 Nbd7 12. Qd2 0-0 13. b4 Qc7 14. f4 b5 15. h3 Bb7 16. Rad1 Rfd8 17. Ng3 Rac8 18. Nce2 Nb6 19. Rf3 d5 20. e5 Ne4 21. Qc1 Na4 22. Re3 Nac3 23. Nxc3 Nxc3 24. Rf1 d4 25. Ree1 Nd5 26. Ne4 Ne3 27. Rf2 Bxe4 28. Bxe4 a5 29. Bd3 axb4 30. axb4 g6 31. Qb1 Qc3 32. Bxb5 Rb8 33. Bd3 Rxb4 34. Qa1 Rb2 35. Rc1 h5 36. Rb1 Rdb8 37. Rxb2 Rxb2 38. Qa8+ Kg7 39. Qd8 Nd5 40. Rf1 Qc7 41. Qg5 Qe7 42. Qg3 Ne3 43. Rc1 Nd5 44. f5 exf5 45. Bxf5 h4 46. Qf3 Qxe5 47. Bd3 Rb8 48. Rf1 Qe3+ 49. Qf2 Kh6 50. Re1 Qxf2+ 51. Kxf2 Rb2 52. Kf3 Nb4 53. Rc1 Nxd3 54. cxd3 Rd2 55. Rc6 Kg5 56. Rd6 Rxd3+ 57. Ke2 Re3+ 58. Kf2 Re4 59. Kf3 0-1

[Event "Arco op 37th"]
[Site "Arco"]
[Date "2015.10.10"]
[Round "1"]
[White "Pipitone, Antonio"]
[Black "Dappiano, Andrea"]
[Result "0-1"]
[WhiteElo "1854"]
[BlackElo "2249"]
[PlyCount "68"]
[EventDate "2015.10.10"]
[EventType "swiss"]
[EventRounds "9"]
[EventCountry "ITA"]
[SourceTitle "CBM 168 Extra"]
[Source "ChessBase"]
[SourceDate "2015.10.29"]
[SourceVersion "1"]
[SourceVersionDate "2015.10.29"]
[SourceQuality "1"]

1. e4 e6 2. d4 d5 3. e5 c5 4. c3 Qb6 5. Nf3 Nc6 6. a3 Nh6 7. Bd3 Bd7 8. Bc2 Rc8 9. 0-0 cxd4 10. cxd4 g6 11. Nc3 Nf5 12. Ne2 Bg7 13. g4 Nfe7 14. b4 0-0 15. Be3 a5 16. bxa5 Nxa5 17. Rb1 Qa7 18. Bg5 Nec6 19. Nc3 Nxd4 20. Nxd4 Rxc3 21. Ne2 Rc4 22. Be3 Qa8 23. f4 Rfc8 24. Bb3 Nxb3 25. Qxb3 b5 26. Rfd1 b4 27. Rd3 Ba4 28. Qa2 Bc2 29. Rdb3 Bxb3 30. Rxb3 Rc2 31. Rb2 Rxb2 32. Qxb2 Qxa3 33. Qd2 b3 34. Nc3 b2 0-1

[Event "Arco op 36th"]
[Site "Arco"]
[Date "2014.10.10"]
[Round "7"]
[White "Rocchetti, Marco"]
[Black "Pipitone, Antonio"]
[Result "1/2-1/2"]
[WhiteElo "1854"]
[BlackElo "1955"]
[PlyCount "130"]
[EventDate "2014.10.04"]
[EventType "swiss"]
[EventRounds "9"]
[EventCountry "ITA"]
[SourceTitle "EXT 2016"]
[Source "ChessBase"]
[SourceDate "2015.10.08"]
[SourceVersion "1"]
[SourceVersionDate "2015.10.08"]
[SourceQuality "1"]

1. d4 Nf6 2. Nf3 g6 3. Bf4 d6 4. h3 c5 5. e3 cxd4 6. exd4 Bg7 7. c3 Qb6 8. Qb3 Nbd7 9. Bc4 Qxb3 10. Bxb3 0-0 11. 0-0 d5 12. Nbd2 e6 13. Rfe1 Nb6 14. a4 a5 15. Bc7 Ra6 16. Bf4 Bd7 17. Ne5 Rc8 18. f3 Be8 19. g4 Nfd7 20. g5 Nxe5 21. Bxe5 h6 22. Bxg7 Kxg7 23. h4 hxg5 24. hxg5 Nc4 25. Nxc4 dxc4 26. Bc2 Rb6 27. Ra2 Bc6 28. Kg2 Rh8 29. Re5 Bd5 30. Be4 Rd8 31. Bxd5 exd5 32. Re2 Rb3 33. Kg3 Rd6 34. Re5 b5 35. axb5 Rxb5 36. Ra4 f6 37. gxf6+ Kxf6 38. Rxc4 Rxb2 39. Ra4 Rc6 40. Rxd5 Rxc3 41. Rc5 Rd3 42. Raxa5 Rbb3 43. Ra6+ Kg7 44. Rc7+ Kh6 45. Rf7 Rxd4 46. Rff6 Rc4 47. Rxg6+ Kh5 48. Rg8 Rcc3 49. Rf6 Rb5 50. Rf7 Rg5+ 51. Rxg5+ Kxg5 52. Rg7+ Kf5 53. Ra7 Rb3 54. Rf7+ Kg6 55. Rf4 Rb1 56. Ra4 Rb6 57. Kg4 Rc6 58. Ra5 Rb6 59. f4 Rc6 60. Ra8 Rc5 61. Rg8+ Kf7 62. Ra8 Rb5 63. Ra6 Rc5 64. f5 Rc1 65. Ra3 Kf6 1/2-1/2

[Event "Arco op 36th"]
[Site "Arco"]
[Date "2014.10.07"]
[Round "4"]
[White "Pipitone, Antonio"]
[Black "Trauth, Michael"]
[Result "0-1"]
[WhiteElo "1955"]
[BlackElo "2166"]
[PlyCount "64"]
[EventDate "2014.10.04"]
[EventType "swiss"]
[EventRounds "9"]
[EventCountry "ITA"]
[SourceTitle "CBM 162 Extra"]
[Source "ChessBase"]
[SourceDate "2014.10.17"]
[SourceVersion "1"]
[SourceVersionDate "2014.10.17"]
[SourceQuality "1"]

1. e4 c5 2. Nf3 Nc6 3. d4 cxd4 4. Nxd4 g6 5. Nc3 Bg7 6. Be3 Nf6 7. Bc4 0-0 8. 0-0 Nxe4 9. Bxf7+ Rxf7 10. Nxe4 Bxd4 11. Bxd4 d5 12. Ng5 Rf5 13. h4 e5 14. Bc3 h6 15. Nf3 d4 16. Bd2 e4 17. Bxh6 exf3 18. Bg5 Qd5 19. g3 Rf8 20. Qd2 Qf5 21. Qd3 Qxd3 22. cxd3 Bf5 23. Rad1 Rfe8 24. Rd2 Re2 25. Rfd1 Rae8 26. a3 Ne5 27. Rc1 Ng4 28. Rxe2 fxe2 29. Bd2 Ne5 30. Be1 Nxd3 31. Ra1 Nxe1 32. Rxe1 d3 0-1

[Event "Gabicce Mare op 1st"]
[Site "Gabicce Mare"]
[Date "2013.12.05"]
[Round "7"]
[White "Dobboletta, Alex"]
[Black "Pipitone, Antonio"]
[Result "1-0"]
[WhiteElo "1976"]
[BlackElo "1920"]
[PlyCount "47"]
[EventDate "2013.01.02"]
[EventType "swiss"]
[EventRounds "9"]
[EventCountry "ITA"]
[SourceTitle "EXT 2015"]
[Source "ChessBase"]
[SourceDate "2014.11.20"]
[SourceVersion "1"]
[SourceVersionDate "2014.11.20"]
[SourceQuality "1"]

1. e4 c5 2. Nf3 d6 3. d4 cxd4 4. Nxd4 Nf6 5. Nc3 Nc6 6. Bg5 e6 7. Qd2 a6 8. 0-0-0 h6 9. Be3 Qc7 10. f3 e5 11. Nb3 Be6 12. g4 Be7 13. h4 b5 14. Nd5 Bxd5 15. exd5 Nd8 16. Kb1 Nb7 17. Bh3 g5 18. hxg5 hxg5 19. Bg2 Kd7 20. Bxg5 Nxd5 21. Qxd5 Bxg5 22. f4 Rhc8 23. Qxf7+ Be7 24. Qf5+ 1-0

[Event "Arco op 35th"]
[Site "Arco"]
[Date "2013.10.18"]
[Round "7"]
[White "Pipitone, Antonio"]
[Black "Cardilli, Mariano"]
[Result "0-1"]
[WhiteElo "1923"]
[BlackElo "2127"]
[PlyCount "117"]
[EventDate "2013.10.12"]
[EventType "swiss"]
[EventRounds "9"]
[EventCountry "ITA"]
[SourceTitle "EXT 2014"]
[Source "ChessBase"]
[SourceDate "2013.11.20"]
[SourceVersion "1"]
[SourceVersionDate "2013.11.20"]
[SourceQuality "1"]

1. e4 c6 2. d4 d5 3. Nc3 dxe4 4. Nxe4 Bf5 5. Ng3 Bg6 6. h4 h6 7. Nf3 Nd7 8. h5 Bh7 9. Bd3 Bxd3 10. Qxd3 e6 11. Bd2 Ngf6 12. c4 Be7 13. a3 0-0 14. 0-0 c5 15. Qe2 Qc7 16. Rfe1 Bd6 17. Ne4 Nxe4 18. Qxe4 Nf6 19. Qh4 Be7 20. dxc5 Qxc5 21. Bb4 Qc7 22. Bxe7 Qxe7 23. Rad1 Rac8 24. b4 Rfd8 25. Rd4 Rxd4 26. Qxd4 Nxh5 27. Re5 Nf6 28. c5 Rd8 29. Qc4 Rd1+ 30. Kh2 Qc7 31. g3 h5 32. Kg2 g6 33. b5 Ra1 34. a4 Qa5 35. c6 Rxa4 36. cxb7 Rxc4 37. b8Q+ Kg7 38. Qd6 Qc7 39. Qd3 Rc3 40. Qd4 Qc4 41. Qxa7 Ng4 42. Nd2 Qd3 43. Rxe6 Qxd2 44. Re4 Qd5 45. Qd4+ Qxd4 46. Rxd4 Rb3 47. Rd5 Rb2 48. Rd6 Nxf2 49. Kf3 Ng4 50. b6 Ne5+ 51. Ke4 Nc4 52. Rc6 Nxb6 53. Kd4 Nd7 54. Rc7 Rg2 55. Ke4 Nf6+ 56. Kf3 Ra2 57. Rb7 g5 58. Rc7 g4+ 59. Kf4 0-1

[Event "Arco op 35th"]
[Site "Arco"]
[Date "2013.10.14"]
[Round "3"]
[White "Pipitone, Antonio"]
[Black "Kierzek, Matthias"]
[Result "0-1"]
[WhiteElo "1923"]
[BlackElo "2236"]
[PlyCount "62"]
[EventDate "2013.10.12"]
[EventType "swiss"]
[EventRounds "9"]
[EventCountry "ITA"]
[SourceTitle "CBM 156 Extra"]
[Source "ChessBase"]
[SourceDate "2013.10.22"]
[SourceVersion "1"]
[SourceVersionDate "2013.10.22"]
[SourceQuality "1"]

1. e4 c6 2. d4 d5 3. Nc3 dxe4 4. Nxe4 Bf5 5. Ng3 Bg6 6. Nf3 Nd7 7. h4 h6 8. h5 Bh7 9. Bd3 Bxd3 10. Qxd3 e6 11. Bd2 Ngf6 12. 0-0-0 Be7 13. c4 0-0 14. Kb1 b5 15. Rc1 Rb8 16. Qe2 bxc4 17. Rxc4 Qb6 18. Bf4 Rb7 19. Rhc1 Nd5 20. Rxc6 Qb4 21. Be3 N7b6 22. Bd2 Qa4 23. b3 Qa3 24. R1c2 Bb4 25. Ne5 Bxd2 26. Rxd2 Na4 27. Qf3 Rfb8 28. Nd3 Nac3+ 29. Rxc3 Nxc3+ 30. Kc2 Qxa2+ 31. Kxc3 Qxb3# 0-1

[Event "ITA-ch sf 72nd"]
[Site "Civitanova Marche"]
[Date "2012.07.19"]
[Round "6"]
[White "Pipitone, Antonio"]
[Black "Sbarra, Marco"]
[Result "0-1"]
[WhiteElo "1942"]
[BlackElo "2271"]
[PlyCount "100"]
[EventDate "2012.07.15"]
[EventType "swiss"]
[EventRounds "9"]
[EventCountry "ITA"]
[SourceTitle "EXT 2013"]
[Source "ChessBase"]
[SourceDate "2012.11.22"]
[SourceVersion "1"]
[SourceVersionDate "2012.11.22"]
[SourceQuality "1"]

1. e4 e5 2. Nf3 Nc6 3. Bb5 a6 4. Ba4 Nf6 5. 0-0 b5 6. Bb3 Bc5 7. c3 d6 8. d4 Bb6 9. Bg5 h6 10. Bh4 g5 11. Bg3 0-0 12. dxe5 dxe5 13. Nxe5 Nxe5 14. Bxe5 Qxd1 15. Rxd1 Nxe4 16. Bd4 Bxd4 17. Rxd4 Bb7 18. Rd7 Rac8 19. Nd2 Nc5 20. Re7 Rfd8 21. Nf1 Nxb3 22. axb3 Kf8 23. Re3 Rd6 24. Rae1 Bd5 25. b4 Be6 26. h3 Rcd8 27. Ng3 Rd2 28. Ne4 Rxb2 29. Nc5 Bc4 30. Nxa6 Rdd2 31. Rf3 c6 32. Nc5 Bd5 33. Rf5 Kg7 34. Ne4 Rd3 35. Ng3 Rxg3 36. fxg3 Rxg2+ 37. Kf1 Rxg3 38. Kf2 Rxh3 39. Re3 Rh2+ 40. Ke1 g4 41. Rf2 Rxf2 42. Kxf2 Kg6 43. Kg3 Kg5 44. Re1 h5 45. Re7 h4+ 46. Kh2 g3+ 47. Kh3 Be6+ 48. Kg2 Kf4 49. Re8 h3+ 50. Kf1 h2 0-1

[Event "ITA-ch sf 72nd"]
[Site "Civitanova Marche"]
[Date "2012.07.16"]
[Round "2"]
[White "Fioravanti, Diego"]
[Black "Pipitone, Antonio"]
[Result "1-0"]
[WhiteElo "2117"]
[BlackElo "1942"]
[PlyCount "111"]
[EventDate "2012.07.15"]
[EventType "swiss"]
[EventRounds "9"]
[EventCountry "ITA"]
[SourceTitle "EXT 2013"]
[Source "ChessBase"]
[SourceDate "2012.11.22"]
[SourceVersion "1"]
[SourceVersionDate "2012.11.22"]
[SourceQuality "1"]

1. d4 Nf6 2. c4 c5 3. d5 e6 4. Nc3 exd5 5. cxd5 d6 6. e4 g6 7. f4 Bg7 8. Nf3 0-0 9. Bd3 Na6 10. 0-0 Nc7 11. Kh1 b5 12. Qc2 b4 13. Nd1 Ba6 14. Nf2 Bxd3 15. Qxd3 Rb8 16. Rb1 Re8 17. Be3 Qd7 18. Rbd1 a5 19. Nd2 a4 20. Nc4 h5 21. e5 Nfxd5 22. Nxd6 Re6 23. Nfe4 Nxe3 24. Qxe3 Na6 25. Ng5 Qe7 26. Nxe6 Qxe6 27. b3 axb3 28. Qxb3 Qxb3 29. axb3 Nc7 30. Nxf7 Ne6 31. Nd6 Nd4 32. Rd3 g5 33. g3 Rf8 34. Kg2 gxf4 35. gxf4 Ra8 36. Rxd4 cxd4 37. Nf5 d3 38. Kf3 Bf8 39. Rd1 Ra2 40. Rxd3 Rxh2 41. e6 Rh3+ 42. Ke4 Rxd3 43. Kxd3 h4 44. e7 Bxe7 45. Nxe7+ Kf7 46. Nf5 h3 47. Ng3 Kf6 48. Ke4 Ke6 49. f5+ Kf6 50. Kf4 h2 51. Kg4 Ke5 52. Kg5 Kd6 53. f6 Ke6 54. Kg6 Ke5 55. f7 Kf4 56. Nh1 1-0

[Event "ITA-ch Seniors 34th"]
[Site "Arvier"]
[Date "2012.04.22"]
[Round "9"]
[White "Pipitone, Antonio"]
[Black "Guaglianone, Mario"]
[Result "1/2-1/2"]
[WhiteElo "1941"]
[BlackElo "2016"]
[PlyCount "50"]
[EventDate "2012.04.14"]
[EventType "swiss"]
[EventRounds "9"]
[EventCountry "ITA"]
[SourceTitle "CBM 148 Extra"]
[Source "ChessBase"]
[SourceDate "2012.06.22"]
[SourceVersion "1"]
[SourceVersionDate "2012.06.22"]
[SourceQuality "1"]

1. e4 b6 2. d4 Bb7 3. Nc3 e6 4. f4 d6 5. Nf3 g6 6. Bd3 Bg7 7. a3 Ne7 8. 0-0 0-0 9. Qe1 c5 10. Be3 Nbc6 11. Ne2 cxd4 12. Nfxd4 Nxd4 13. Bxd4 e5 14. Bc3 Nc6 15. Qg3 exf4 16. Qxf4 Qe7 17. Bxg7 Kxg7 18. Rad1 Ne5 19. Nd4 Rad8 20. h4 Bc8 21. Be2 f5 22. exf5 Bxf5 23. g3 Bd7 24. Qe4 Rxf1+ 25. Rxf1 Rf8 1/2-1/2